000 00428cam a2200169ua 4500
041 _aeng
_h
082 _a510
_bDIM/MA
100 _aDimick, Chester E .
245 _aMathematics for mariners /
_cChester E Dimick.
_hTextual Documents
250 _a1 /
_b.
260 _aNew Jersy :
_bD.Van Nostrand Co. ,
_c1943.
300 _a253 ; .
504 _a
700 1 _aHurd , Cuthbert C .
942 _cBK
999 _c7344
_d7344